Mass transfer : Principles and operations
Đã lưu trong:
| Tác giả chính: | |
|---|---|
| Định dạng: | Sách |
| Ngôn ngữ: | Undetermined |
| Được phát hành: |
PHI learning private limited
2012
|
| Những chủ đề: | |
| Các nhãn: |
Thêm thẻ
Không có thẻ, Là người đầu tiên thẻ bản ghi này!
|
| Thư viện lưu trữ: | Trung tâm Thư viện - Trường Đại học Công nghiệp TP. Hồ Chí Minh |
|---|
| LEADER | 00507nam a2200157Ia 4500 | ||
|---|---|---|---|
| 001 | UIH_06232 | ||
| 008 | 231011s9999 xx 000 0 und d | ||
| 082 | |a 660.2842 | ||
| 100 | |a Sinha, A.P | ||
| 245 | 0 | |a Mass transfer : Principles and operations | |
| 245 | 0 | |c Sinha, A.P | |
| 260 | |b PHI learning private limited | ||
| 260 | |c 2012 | ||
| 650 | |a Mass transfer; Truyền khối; | ||
| 927 | |a Sách | ||
| 980 | |a Trung tâm Thư viện - Trường Đại học Công nghiệp TP. Hồ Chí Minh | ||